| 000 | 00356nam a22001577a 4500 | ||
|---|---|---|---|
| 003 | OSt | ||
| 008 | 210116b ||||| |||| 00| 0 eng d | ||
| 082 |
_a005.133 _bKAL |
||
| 100 | _aKANETKAR, Yashavant | ||
| 245 | _aLet us C | ||
| 250 | _aReprint | ||
| 260 |
_aNew Delhi _bBPB Publication _c2012 |
||
| 300 | _a248 | ||
| 650 | _aBTECHCSE | ||
| 942 |
_2ddc _cBK |
||
| 999 |
_c10380 _d10380 |
||